| 000 | 00753cam a22002293a 4500 | ||
|---|---|---|---|
| 001 | 12507 | ||
| 003 | PGUSA | ||
| 005 | 20140828083252.0 | ||
| 008 | 040601s2004||||xxu|||||s|||||000 | eng d | ||
| 040 |
_aPGUSA _beng |
||
| 042 | _adc | ||
| 050 | 4 | _aHT | |
| 100 | 1 |
_aClarkson, Thomas, _d1760-1846 |
|
| 245 | 1 | 4 |
_aThe History of the Rise, Progress and Accomplishment of the Abolition of the African Slave Trade by the British Parliament (1808) : _bVolume II _h[electronic resource] / _cThomas Clarkson |
| 260 |
_bProject Gutenberg, _c2004 |
||
| 506 | _aPublic domain in the USA. | ||
| 516 | _aElectronic text | ||
| 653 | _aSlave trade -- Africa | ||
| 830 | 0 |
_aProject Gutenberg _v12507 |
|
| 856 | 4 | 0 | _uhttp://www.gutenberg.org/ebooks/12507 |
| 942 | _cEB | ||
| 999 |
_c241762 _d241762 |
||